Методы и системы технической диагностики. Теория автоматов и логические схемы: межвузовский научный сборник; [Вып. 5]

Bibliografske podrobnosti
Drugi avtorji: Богомолов А. М. Анатолий Михайлович (редактор)
Jezik:ruščina
Izdano: Саратов, Изд-во Саратовского ун-та, 1985
Teme:
Format: MixedMaterials Knjiga
KOHA link:https://koha.lib.tpu.ru/cgi-bin/koha/opac-detail.pl?biblionumber=277224

MARC

LEADER 00000nam0a2200000 4500
001 277224
005 20231101235009.0
035 |a (RuTPU)RU\TPU\book\300497 
090 |a 277224 
100 |a 20141201d1985 k y0rusy5003 ca 
101 0 |a rus 
102 |a RU 
105 |a y z 000zy 
200 1 |a Методы и системы технической диагностики. Теория автоматов и логические схемы  |e межвузовский научный сборник  |f под ред. А. М. Богомолова  |h [Вып. 5] 
210 |a Саратов  |c Изд-во Саратовского ун-та  |d 1985 
215 |a 83 с. 
606 1 |a Техническая диагностика  |x Автоматика  |2 stltpush  |3 (RuTPU)RU\TPU\subj\60044  |9 77534 
610 1 |a методы 
610 1 |a системы 
610 1 |a теория автоматов 
610 1 |a логические схемы 
610 1 |a автономные автоматы 
610 1 |a графы 
675 |a 681.518.54  |z rus  |v 3 
702 1 |a Богомолов  |b А. М.  |g Анатолий Михайлович  |4 340 
801 0 |a RU  |b RuMRKP  |c 19950704  |g psbo 
801 1 |a RU  |b 63413507  |c 20141201 
801 2 |a RU  |b 63413507  |c 20170405  |g RCR 
942 |c BK